| 000 | 00511nam a2200181 i 4500 | ||
|---|---|---|---|
| 001 | bg | ||
| 100 | 1 | _aHALLIDAY, Caroline M. | |
| 245 | 0 |
_aSekrety PC. _nT.2 / _cCaroline M. Halliday ; [tł. z ang. BT TECHTEX]. |
|
| 260 |
_aPruszków : _bWibet/Rachocki, _c1993. |
||
| 300 |
_a412 s. : _bil. ; _c24 cm + _e2 dyskietki. |
||
| 020 | _a8385519130 (całość) | ||
| 040 | _cBPK | ||
| 041 | _apol | ||
| 080 | _a004 | ||
| 920 | _a83-85519-13-0 (całość) | ||
| 942 | _cKS | ||
| 008 | s pl f |000 0 pol | ||
| 999 |
_c6511 _d6511 |
||
| 856 |
_uhttp://koha.tu.koszalin.pl/cgi-bin/koha/opac-detail.pl?biblionumber=6511 _yKatalog online BPK |
||